Statistics for Liverpool FC Squad 2011/2012

Click here to take the quiz!

General Stats

  • This quiz has been taken 1,751 times
    (1,724 since last reset)
  • The average score is 21 of 38

Answer Stats

CountryAnswer% Correct
ESPPepe Reina
95%
URALuis Suárez
93%
ENGSteven Gerrard
93%
DENDaniel Agger
87%
SCOKenny Dalglish
87%
SVKMartin Škrtel
85%
ENGAndy Carroll
79%
ENGGlen Johnson
79%
ENGJamie Carragher
79%
AUSBrad Jones
75%
NETDirk Kuyt
75%
ENGJordan Henderson
72%
URASebastián Coates
71%
BRALucas Leiva
69%
ESPJosé Enrique
67%
SCOCharlie Adam
63%
WALCraig Bellamy
61%
ENGStewart Downing
59%
ITAAlberto Aquilani
57%
ARGMaxi Rodríguez
55%
BRADoni
53%
ENGMartin Kelly
53%
ENGRaheem Sterling
53%
ENGJon Flanagan
50%
ENGJay Spearing
43%
ENGJonjo Shelvey
41%
SCODanny Wilson
40%
BRAFábio Aurélio
40%
HUNPéter Gulácsi
35%
ENGAndre Wisdom
33%
ESPDaniel Pacheco
33%
ENGJack Robinson
33%
ESPSuso
33%
ENGJoe Cole
30%
ENGConor Coady
15%
ENGNathan Eccleston
13%
ENGDavid Amoo
9%
ENGStephen Darby
6%

Score Distribution

Percentile by Number Answered

Percent of People with Each Score

Your Score History

You have not taken this quiz since the last reset